<?xml version="1.0" encoding="UTF-8"?>
<record
    xmlns:xsi="http://www.w3.org/2001/XMLSchema-instance"
    xsi:schemaLocation="http://www.loc.gov/MARC21/slim http://www.loc.gov/standards/marcxml/schema/MARC21slim.xsd"
    xmlns="http://www.loc.gov/MARC21/slim">

  <leader>01126nam a2200217Ia 4500</leader>
  <datafield tag="952" ind1=" " ind2=" ">
    <subfield code="0">0</subfield>
    <subfield code="1">0</subfield>
    <subfield code="4">0</subfield>
    <subfield code="7">0</subfield>
    <subfield code="a">18</subfield>
    <subfield code="b">18</subfield>
    <subfield code="d">2011-08-09</subfield>
    <subfield code="l">5</subfield>
    <subfield code="o">JF1355 S47 2010</subfield>
    <subfield code="p">18 001295</subfield>
    <subfield code="r">2018-05-03</subfield>
    <subfield code="s">2018-05-03</subfield>
    <subfield code="t">1</subfield>
    <subfield code="w">2012-06-26</subfield>
    <subfield code="y">LB</subfield>
  </datafield>
  <datafield tag="952" ind1=" " ind2=" ">
    <subfield code="0">0</subfield>
    <subfield code="1">0</subfield>
    <subfield code="4">0</subfield>
    <subfield code="7">0</subfield>
    <subfield code="a">18</subfield>
    <subfield code="b">18</subfield>
    <subfield code="d">2016-10-12</subfield>
    <subfield code="l">2</subfield>
    <subfield code="o">JF1355 S47 2010</subfield>
    <subfield code="p">18 003831</subfield>
    <subfield code="r">2018-05-03</subfield>
    <subfield code="s">2018-05-03</subfield>
    <subfield code="t">2</subfield>
    <subfield code="w">2016-10-12</subfield>
    <subfield code="y">LB</subfield>
  </datafield>
  <datafield tag="999" ind1=" " ind2=" ">
    <subfield code="c">74507</subfield>
    <subfield code="d">74507</subfield>
  </datafield>
  <controlfield tag="008">120626s2010    mx     fr     000 0 spa d</controlfield>
  <datafield tag="020" ind1=" " ind2=" ">
    <subfield code="a">9700773438</subfield>
  </datafield>
  <datafield tag="050" ind1="0" ind2="4">
    <subfield code="a">JF1355</subfield>
    <subfield code="b">S47 2010</subfield>
  </datafield>
  <datafield tag="100" ind1="1" ind2=" ">
    <subfield code="a">Serra Rojas, Andr&#xE9;s</subfield>
    <subfield code="e">autor</subfield>
  </datafield>
  <datafield tag="245" ind1="1" ind2="0">
    <subfield code="a">Derecho administrativo</subfield>
    <subfield code="c"> / Andr&#xE9;s Serra Rojas; corregida y aumentada por Andr&#xE9;s Serra Rojas Beltri</subfield>
  </datafield>
  <datafield tag="250" ind1=" " ind2=" ">
    <subfield code="a">29a. edici&#xF3;n</subfield>
  </datafield>
  <datafield tag="260" ind1="3" ind2=" ">
    <subfield code="a">M&#xE9;xico</subfield>
    <subfield code="b"> : Porr&#xFA;a</subfield>
    <subfield code="c">, 2010</subfield>
  </datafield>
  <datafield tag="300" ind1=" " ind2=" ">
    <subfield code="a">905 p&#xE1;ginas</subfield>
  </datafield>
  <datafield tag="500" ind1=" " ind2=" ">
    <subfield code="a">(reimpresi&#xF3;n 2013)</subfield>
  </datafield>
  <datafield tag="505" ind1=" " ind2=" ">
    <subfield code="a">La actividad del estado contempor&#xE1;neo
Concepto, relaciones y fuentes del derecho administrativo
La teor&#xED;a del acto administrativo
An&#xE1;lisis de los elementos
La extinci&#xF3;n de los actos administrativos
La teor&#xED;a de la funci&#xF3;n p&#xFA;blica
Las formas de organizaci&#xF3;n administrativa federal
La administraci&#xF3;n p&#xFA;blica paraestatal</subfield>
  </datafield>
  <datafield tag="519" ind1=" " ind2=" ">
    <subfield code="a">Plan Flexible / </subfield>
    <subfield code="b">Derecho / </subfield>
    <subfield code="c">Derecho Administrativo (B12-1) / </subfield>
    <subfield code="d">(18 001295)</subfield>
  </datafield>
  <datafield tag="519" ind1=" " ind2=" ">
    <subfield code="a">Educaci&#xF3;n Mixta / </subfield>
    <subfield code="b">Derecho / </subfield>
    <subfield code="c">Derecho Administrativo (B12-1) / </subfield>
    <subfield code="d">(18 003831)</subfield>
  </datafield>
  <datafield tag="650" ind1="1" ind2="4">
    <subfield code="a">DERECHO ADMINISTRATIVO</subfield>
    <subfield code="z">M&#xC9;XICO</subfield>
  </datafield>
  <datafield tag="700" ind1="1" ind2=" ">
    <subfield code="a">Serra Rojas Beltri, Andr&#xE9;s</subfield>
    <subfield code="e">coolaborador</subfield>
  </datafield>
  <datafield tag="942" ind1=" " ind2=" ">
    <subfield code="c">LB</subfield>
  </datafield>
</record>
